[Event "4NCL/Div3/BRJ vs. KHE"]
[Site "Wokefield Park ENG"]
[Date "2007.05.06"]
[Round "10.5"]
[White "Hall, Daniel J"]
[Black "Okike, David C"]
[Result "1-0"]
[WhiteElo "2088"]
[BlackElo "2180"]
[PlyCount "137"]
[EventDate "2007.05.06"]

1. e4 e6 2. d4 d5 3. Nc3 Nf6 4. Bg5 dxe4 5. Nxe4 Be7 6. Nxf6+ Bxf6 7. Bxf6 Qxf6
8. Nf3 c5 9. c3 cxd4 10. Qxd4 Nc6 11. Qxf6 gxf6 12. Bb5 Bd7 13. O-O-O a6 14.
Ba4 Rc8 15. Rhe1 b5 16. Bc2 Rc7 17. Re4 Ke7 18. Nh4 Ne5 19. f4 Ng4 20. Nf5+ Kf8
21. Red4 Be8 22. Nd6 Bc6 23. Be4 Nxh2 24. a4 Rg8 25. Bxc6 Rxc6 26. axb5 axb5
27. R1d2 Rc5 28. Rb4 Nf1 29. Re2 Ng3 30. Rd2 Rg4 31. Nxb5 Nh5 32. Nd6 Nxf4 33.
Rb7 Nd5 34. Rxf7+ Kg8 35. Rd7 h5 36. Ne8 Kf8 37. Nd6 h4 38. Rh7 Kg8 39. Rh5 Rc6
40. Nb5 Nf4 41. Rd8+ Kg7 42. Rd7+ Kg6 43. Rh8 e5 44. Nd6 f5 45. Nf7 Kf6 46. Nd8
Rb6 47. Rh6+ Ng6 48. Rh5 Ne7 49. Rh6+ Rg6 50. Rxh4 Rxg2 51. Rh6+ Rg6 52. Rxg6+
Nxg6 53. c4 Ne7 54. c5 Rb4 55. c6 e4 56. Rd6+ Ke5 57. Re6+ Kd5 58. Rxe7 f4 59.
c7 Rc4+ 60. Kd2 Kd6 61. Rxe4 Rxc7 62. Rxf4 Ke5 63. Rf3 Ke4 64. Rd3 Ke5 65. b4
Kf6 66. b5 Rc5 67. b6 Rb5 68. b7 Kf5 69. Kc2 1-0

[Event "4NCL/Div3/BRJ vs. KHE"]
[Site "Wokefield Park ENG"]
[Date "2007.05.06"]
[Round "10.6"]
[White "Sandu, Mihaela"]
[Black "Cabero, Pablo Padilla"]
[Result "1/2-1/2"]
[WhiteElo "2226"]
[BlackElo "2085"]
[PlyCount "37"]
[EventDate "2007.05.06"]

1. e4 Nf6 2. e5 Nd5 3. d4 c5 4. Nf3 d6 5. c4 Nb4 6. exd6 Bf5 7. Na3 exd6 8. Be2
Be7 9. O-O a6 10. Bd2 Bf6 11. Bxb4 cxb4 12. Nc2 Bxc2 13. Qxc2 O-O 14. Bd3 g6
15. Be4 Nc6 16. Rfd1 Rc8 17. Rac1 Re8 18. Bd5 a5 19. Bxc6 1/2-1/2

[Event "4NCL/Div3/BRJ vs. KHE"]
[Site "Wokefield Park ENG"]
[Date "2007.05.06"]
[Round "10.7"]
[White "Hall, Joshua D"]
[Black "Ward, Julian T"]
[Result "0-1"]
[WhiteElo "1974"]
[BlackElo "2200"]
[PlyCount "84"]
[EventDate "2007.05.06"]

1. e4 c5 2. Nf3 Nf6 3. e5 Nd5 4. Bc4 Nb6 5. Qe2 e6 6. d4 cxd4 7. Nxd4 Nxc4 8.
Qxc4 a6 9. O-O b5 10. Qd3 Bb7 11. Be3 Qc7 12. f4 Nc6 13. c3 Rd8 14. Nd2 d6 15.
exd6 Qxd6 16. Ne4 Qd5 17. Rae1 Nxd4 18. Bxd4 f5 19. Nf6+ gxf6 20. Qe2 Be7 21.
Rd1 Rg8 22. Rd2 Kf8 23. Rf2 Qe4 24. Qd1 Rg6 25. Kf1 Kf7 26. Qh5 Kg7 27. Qh3
Qb1+ 28. Ke2 Qxa2 29. Ke1 Bd5 30. b4 Qc4 31. Rfe2 Qc6 32. Rf2 Be4 33. Kf1 Rd5
34. Qh4 Rg4 35. Qh5 Qc8 36. h3 Rg6 37. Qh4 Qd7 38. Ra2 Qc6 39. g4 Rxd4 40. cxd4
Qc1+ 41. Ke2 Bxb4 42. Qg3 Qe1# 0-1

[Event "4NCL/Div3/BRJ vs. KHE"]
[Site "Wokefield Park ENG"]
[Date "2007.05.06"]
[Round "10.8"]
[White "Thomas, Richard H"]
[Black "Tomboline, David"]
[Result "1/2-1/2"]
[WhiteElo "2183"]
[BlackElo "1975"]
[PlyCount "56"]
[EventDate "2007.05.06"]

1. d4 e6 2. c4 b6 3. Nc3 Bb7 4. Nf3 Bb4 5. Qc2 Nf6 6. a3 Bxc3+ 7. Qxc3 Ne4 8.
Qc2 d6 9. e3 Nd7 10. Bd3 f5 11. b3 O-O 12. Bb2 Qe8 13. O-O-O Nef6 14. d5 Nc5
15. dxe6 Nxd3+ 16. Qxd3 Be4 17. Qc3 Qxe6 18. Ng5 Qe7 19. Nxe4 Nxe4 20. Qc2 a5
21. Kb1 Nc5 22. Rd4 Rae8 23. h4 Ne6 24. Rd2 Nc5 25. h5 Qe4 26. b4 axb4 27. axb4
Qxc2+ 28. Rxc2 Nd3 1/2-1/2

[Event "4NCL/Div3/PAP vs. BRI2"]
[Site "Wokefield Park ENG"]
[Date "2007.05.06"]
[Round "10.1"]
[White "Summerscale, Aaron"]
[Black "Richardt, Mike"]
[Result "1-0"]
[WhiteElo "2489"]
[BlackElo "2090"]
[PlyCount "53"]
[EventDate "2007.05.06"]

1. d4 d5 2. Nf3 Nc6 3. Bf4 Bf5 4. e3 e6 5. Be2 Bd6 6. O-O Nf6 7. Bg5 Ne7 8. c4
c6 9. Qb3 Qb6 10. c5 Qxb3 11. axb3 Bc7 12. b4 h6 13. Bh4 O-O 14. b5 cxb5 15.
Bxb5 a6 16. Be2 Nc6 17. Nc3 Nd7 18. Rfc1 Nb4 19. Ra4 Nd3 20. Rca1 Rab8 21. b4
b6 22. Ne1 Nxe1 23. Rxe1 g5 24. Bg3 Bxg3 25. hxg3 a5 26. Nb5 bxc5 27. bxc5 1-0

[Event "4NCL/Div3/PAP vs. BRI2"]
[Site "Wokefield Park ENG"]
[Date "2007.05.06"]
[Round "10.2"]
[White "Collier, David O"]
[Black "Ward, Chris G"]
[Result "0-1"]
[WhiteElo "2150"]
[BlackElo "2447"]
[PlyCount "76"]
[EventDate "2007.05.06"]

1. d4 e6 2. e4 d5 3. Nc3 Bb4 4. e5 c5 5. a3 Bxc3+ 6. bxc3 Qa5 7. Bd2 Qa4 8. Qg4
g6 9. Ra2 Nc6 10. Nf3 h6 11. Bd3 Nge7 12. O-O c4 13. Be2 Bd7 14. Rb1 O-O-O 15.
Ne1 Rdg8 16. Bf1 g5 17. Qd1 Ng6 18. Qc1 f5 19. f4 Nxf4 20. Bxf4 gxf4 21. Qxf4
h5 22. Be2 h4 23. Qd2 Be8 24. Nf3 Bh5 25. Rf1 Nd8 26. Kh1 Nf7 27. Raa1 Rg7 28.
Rf2 Bxf3 29. Bxf3 Ng5 30. Qc1 Rhg8 31. Qf4 Qa5 32. Raf1 h3 33. g3 Qxc3 34. Bxd5
exd5 35. Qxf5+ Kc7 36. e6 Qxd4 37. Rf4 Ne4 38. c3 Qd2 0-1

[Event "4NCL/Div3/PAP vs. BRI2"]
[Site "Wokefield Park ENG"]
[Date "2007.05.06"]
[Round "10.3"]
[White "Winkelmann, Elena"]
[Black "Humphreys, Jerry"]
[Result "1/2-1/2"]
[WhiteElo "2114"]
[BlackElo "2116"]
[PlyCount "85"]
[EventDate "2007.05.06"]

1. d4 Nf6 2. c4 b6 3. Nc3 Bb7 4. f3 d5 5. cxd5 Nxd5 6. e4 Nxc3 7. bxc3 e6 8.
Bb5+ c6 9. Bd3 c5 10. Bb5+ Nd7 11. Be3 cxd4 12. cxd4 Bb4+ 13. Kf2 a6 14. Bd3
O-O 15. Ne2 Qe7 16. Qb3 Rac8 17. a3 Ba5 18. Rhc1 Kh8 19. Kg1 Rfd8 20. Ng3 Qd6
21. Qb2 b5 22. f4 Nb6 23. d5 Na4 24. Qf2 Bc3 25. Ra2 exd5 26. e5 Qf8 27. Ne2 d4
28. Qh4 g6 29. Bf2 Bb2 30. Rxc8 Rxc8 31. Bxd4 Bxd4+ 32. Nxd4 Qd8 33. Qf2 Qd5
34. Rd2 Kg8 35. Bf1 Qc5 36. e6 fxe6 37. Nxe6 Qxf2+ 38. Kxf2 Nb6 39. g4 Bd5 40.
f5 gxf5 41. gxf5 Rc3 42. Rd3 Rxd3 43. Bxd3 1/2-1/2

[Event "4NCL/Div3/PAP vs. BRI2"]
[Site "Wokefield Park ENG"]
[Date "2007.05.06"]
[Round "10.4"]
[White "Curtis, John"]
[Black "Forbes, Cathy"]
[Result "1-0"]
[WhiteElo "2121"]
[BlackElo "2093"]
[PlyCount "99"]
[EventDate "2007.05.06"]

1. d4 d5 2. Nf3 Bf5 3. c4 c6 4. Qb3 Qb6 5. Qxb6 axb6 6. cxd5 cxd5 7. Nc3 e6 8.
Nh4 Bg4 9. h3 Bh5 10. g4 Be7 11. Nf3 Bg6 12. Bf4 Nc6 13. e3 Nf6 14. Ne5 Nxe5
15. Bxe5 O-O 16. Bb5 Rfc8 17. f3 h6 18. Ke2 Ne8 19. Bd3 Bxd3+ 20. Kxd3 Nd6 21.
b3 Rc6 22. Rhc1 Rac8 23. Ne2 Nb5 24. a4 Na7 25. Rxc6 Nxc6 26. Nc3 Bb4 27. Rc1
Ba3 28. Rd1 Bb2 29. Nb5 Nxe5+ 30. dxe5 Bxe5 31. e4 Rd8 32. Ke3 g5 33. exd5 Rxd5
34. Rxd5 exd5 35. Nd4 Bd6 36. Nf5 Bc5+ 37. Kd3 Kh7 38. Ne3 h5 39. Nxd5 hxg4 40.
hxg4 Kg8 41. Ke4 f6 42. Nc7 Bf2 43. Nb5 Bc5 44. Kd5 f5 45. Nd6 fxg4 46. fxg4
Be3 47. Ke6 Bd2 48. Nxb7 Be1 49. Nd8 Bd2 50. Nc6 1-0

[Event "4NCL/Div3/PAP vs. BRI2"]
[Site "Wokefield Park ENG"]
[Date "2007.05.06"]
[Round "10.5"]
[White "Lang, Heather"]
[Black "Hunt-Grubbe, Henry"]
[Result "0-1"]
[WhiteElo "2061"]
[BlackElo "2010"]
[PlyCount "76"]
[EventDate "2007.05.06"]

1. e4 e6 2. Nc3 d5 3. d4 Nf6 4. Bg5 Be7 5. e5 Nfd7 6. Bxe7 Qxe7 7. f4 a6 8. Nf3
c5 9. dxc5 Nc6 10. Qd2 Nxc5 11. O-O-O b5 12. g4 b4 13. Ne2 a5 14. Ned4 Nxd4 15.
Nxd4 Bd7 16. Bg2 a4 17. Kb1 Rb8 18. f5 O-O 19. Qf4 Rfe8 20. f6 Qf8 21. g5 b3
22. cxb3 axb3 23. a3 Bb5 24. Bf1 Bxf1 25. Rhxf1 Rec8 26. Rf3 Rb7 27. Qh4 Kh8
28. Rh3 Qg8 29. g6 fxg6 30. Rg1 Ne4 31. Nxe6 gxf6 32. exf6 Qxe6 33. Re1 Rbc7
34. Qh6 Nc3+ 35. bxc3 Qxe1+ 36. Kb2 Qe2+ 37. Kxb3 Rb7+ 38. Ka4 Ra8# 0-1

[Event "4NCL/Div3/PAP vs. BRI2"]
[Site "Wokefield Park ENG"]
[Date "2007.05.06"]
[Round "10.7"]
[White "Kieran, Rosalind A"]
[Black "Menard, Marie"]
[Result "1-0"]
[WhiteElo "2048"]
[BlackElo "1824"]
[PlyCount "63"]
[EventDate "2007.05.06"]

1. e4 c5 2. Nf3 d6 3. d4 cxd4 4. Nxd4 Nf6 5. Nc3 a6 6. Be3 e6 7. f3 b5 8. Qd2
Bb7 9. O-O-O Nbd7 10. g4 Nb6 11. h4 Qc7 12. Kb1 Rc8 13. Bd3 Nc4 14. Bxc4 Qxc4
15. h5 b4 16. Na4 Nd7 17. g5 a5 18. b3 Qa6 19. g6 Bc6 20. Nxc6 Qxc6 21. gxf7+
Kxf7 22. Bd4 Be7 23. Rh2 Rhf8 24. Qf4+ Ke8 25. Qg4 e5 26. Ba1 Bf6 27. Qe6+ Be7
28. Rg1 Rf7 29. Qg4 Nf6 30. Qh3 Qc7 31. Nb6 Qc5 32. Qxc8+ 1-0

[Event "4NCL/Div3/SLOS3 vs. NWE2"]
[Site "Wokefield Park ENG"]
[Date "2007.05.06"]
[Round "10.1"]
[White "Varnam, Liam D"]
[Black "Coates, Kenneth G"]
[Result "0-1"]
[WhiteElo "2042"]
[BlackElo "2230"]
[PlyCount "92"]
[EventDate "2007.05.06"]

1. e4 c5 2. Nf3 d6 3. d4 cxd4 4. Nxd4 Nf6 5. Nc3 a6 6. Bc4 e6 7. Bb3 Be7 8. Be3
O-O 9. f3 b5 10. a3 e5 11. Nf5 Bxf5 12. exf5 Nc6 13. Nd5 Nxd5 14. Bxd5 Rc8 15.
O-O Bg5 16. Bf2 Nd4 17. Bxd4 exd4 18. f4 Bf6 19. Qd3 Rc5 20. Bb3 Re8 21. Rae1
h5 22. Qh3 Re3 23. Rxe3 dxe3 24. Qxe3 Bxb2 25. Bxf7+ Kxf7 26. Qb3+ Rc4 27. Qxb2
Qf6 28. Qb3 Qxf5 29. Qf3 Rxc2 30. Qb7+ Kg6 31. Qe7 Qd5 32. f5+ Kh7 33. Qg5 Qd4+
34. Kh1 Qg4 35. Qxg4 hxg4 36. Kg1 Ra2 37. f6 gxf6 38. Rxf6 Rxa3 39. Rxd6 b4 40.
Kf2 a5 41. Rb6 Kg7 42. Rb5 Kf6 43. h4 b3 44. Kg3 b2+ 45. Kf2 Ra2 46. Ke3 a4 0-1

[Event "4NCL/Div3/SLOS3 vs. NWE2"]
[Site "Wokefield Park ENG"]
[Date "2007.05.06"]
[Round "10.2"]
[White "Charleshouse, Glenn L"]
[Black "de Coverly, Roger"]
[Result "1/2-1/2"]
[WhiteElo "2244"]
[BlackElo "2083"]
[PlyCount "115"]
[EventDate "2007.05.06"]

1. e4 e5 2. Nf3 Nc6 3. Bb5 Nf6 4. O-O d6 5. Nc3 Bd7 6. d4 Nxd4 7. Nxd4 exd4 8.
Bxd7+ Qxd7 9. Qxd4 Be7 10. Re1 O-O 11. h3 Rfe8 12. Bf4 a6 13. Rad1 Qc6 14. Bh2
b5 15. Re2 Qb7 16. Kf1 b4 17. Nd5 Nxd5 18. Qxd5 c6 19. Qb3 Qb5 20. Rd3 Rad8 21.
c4 bxc3 22. Qxb5 axb5 23. Rxc3 c5 24. Rd3 Ra8 25. a3 Ra6 26. f3 f6 27. Red2 Rd8
28. Ke2 Kf7 29. g4 Bf8 30. Rd5 Rc6 31. Bg3 g6 32. Bf4 Rd7 33. Kd3 Ke6 34. Kc2
Rb7 35. R2d3 b4 36. Rb3 Rcb6 37. axb4 Rxb4 38. Rxb4 Rxb4 39. Bd2 Ra4 40. Rd3 f5
41. exf5+ gxf5 42. Re3+ Kf7 43. Ra3 Rc4+ 44. Kd3 Rd4+ 45. Ke2 fxg4 46. Ra7+ Kg6
47. hxg4 Bh6 48. Bc3 Rd5 49. Re7 Bf4 50. Re6+ Kg5 51. Re4 Be5 52. Bd2+ Kg6 53.
b3 Bd4 54. Re6+ Kf7 55. Rh6 Kg7 56. Re6 Kf7 57. Rh6 Kg7 58. Re6 1/2-1/2

[Event "4NCL/Div3/SLOS3 vs. NWE2"]
[Site "Wokefield Park ENG"]
[Date "2007.05.06"]
[Round "10.3"]
[White "Nelson, Omowale"]
[Black "Hulmes, David I"]
[Result "0-1"]
[WhiteElo "2096"]
[BlackElo "2216"]
[PlyCount "78"]
[EventDate "2007.05.06"]

1. d4 d5 2. c4 e6 3. Nc3 Nf6 4. e3 c5 5. Nf3 Nc6 6. dxc5 Bxc5 7. cxd5 exd5 8.
Be2 O-O 9. O-O a6 10. Qc2 Bd6 11. Rd1 Be6 12. a3 Rc8 13. Qa4 Qe7 14. Qh4 Rfd8
15. Bd2 Bf5 16. Rac1 h6 17. Be1 Bb8 18. b4 Ne5 19. Nd4 Bd7 20. a4 Ng6 21. Nxd5
Nxd5 22. Qxe7 Ngxe7 23. b5 axb5 24. axb5 Rxc1 25. Rxc1 Rc8 26. Bd2 Rxc1+ 27.
Bxc1 Ba7 28. Ba3 Bxd4 29. exd4 b6 30. Bc4 Be6 31. Bd6 Nc8 32. Bb8 Kf8 33. f4
Nxf4 34. Bxe6 Nxe6 35. d5 Nc5 36. Kf2 Ke7 37. Ke3 Nd6 38. Bc7 Nd7 39. Kd4 Nxb5+
0-1

[Event "4NCL/Div3/SLOS3 vs. NWE2"]
[Site "Wokefield Park ENG"]
[Date "2007.05.06"]
[Round "10.4"]
[White "Tebb, David J"]
[Black "Armstrong, Malcolm"]
[Result "1/2-1/2"]
[WhiteElo "2219"]
[BlackElo "2117"]
[PlyCount "63"]
[EventDate "2007.05.06"]

1. e4 c6 2. d4 d5 3. Nc3 dxe4 4. Nxe4 Bf5 5. Ng3 Bg6 6. Nf3 Nd7 7. h4 h6 8. h5
Bh7 9. Bd3 Bxd3 10. Qxd3 Qc7 11. Bd2 Ngf6 12. O-O-O e6 13. Ne4 O-O-O 14. g3 Nc5
15. Nxc5 Bxc5 16. Qe2 Bd6 17. c4 Qe7 18. Kb1 Rhe8 19. Ne5 Nd7 20. f4 f6 21.
Nxd7 Qxd7 22. Be3 Kb8 23. Qf2 Bc7 24. Rd2 Ba5 25. Rd3 Bb6 26. Rhd1 a6 27. Qc2
Ba7 28. a3 Qf7 29. g4 Rd7 30. Qg2 Red8 31. Qe4 Ka8 32. b3 1/2-1/2

[Event "4NCL/Div3/SLOS3 vs. NWE2"]
[Site "Wokefield Park ENG"]
[Date "2007.05.06"]
[Round "10.5"]
[White "Edgell, Ben P"]
[Black "Spence, David"]
[Result "0-1"]
[WhiteElo "2060"]
[BlackElo "2174"]
[PlyCount "54"]
[EventDate "2007.05.06"]

1. d4 e6 2. Nf3 Nf6 3. g3 d5 4. Bg2 Be7 5. O-O O-O 6. c4 dxc4 7. Qa4 a6 8. Qxc4
b5 9. Qc2 Bb7 10. Bf4 Nd5 11. e4 Nxf4 12. gxf4 Nd7 13. Rd1 Qc8 14. Nc3 c5 15.
d5 exd5 16. Nxd5 Bxd5 17. Rxd5 Nf6 18. Re5 Ra7 19. Rd1 Rd8 20. Re1 c4 21. a4 b4
22. Rc1 Rc7 23. Rxe7 Rxe7 24. e5 b3 25. Qe2 Nd5 26. Rxc4 Nxf4 27. Rxf4 Qc1+ 0-1

[Event "4NCL/Div3/SLOS3 vs. NWE2"]
[Site "Wokefield Park ENG"]
[Date "2007.05.06"]
[Round "10.6"]
[White "Hughes, Howard R"]
[Black "Makepeace, Philip J"]
[Result "1/2-1/2"]
[WhiteElo "2199"]
[BlackElo "1965"]
[PlyCount "120"]
[EventDate "2007.05.06"]

1. e4 c6 2. c4 g6 3. d4 Bg7 4. Nc3 d6 5. Be3 Na6 6. Be2 Nf6 7. h3 Qa5 8. Qd2 e5
9. Nf3 O-O 10. O-O Re8 11. Rfe1 Qc7 12. Bf1 Nd7 13. Bh6 Nf8 14. Bxg7 Kxg7 15.
Rab1 f6 16. b4 exd4 17. Nxd4 Ne6 18. a3 Nb8 19. Rbd1 Ng5 20. Qf4 Nd7 21. Qg3
Kh8 22. c5 Nf7 23. Nc2 Re5 24. cxd6 Nxd6 25. Ne3 Nb6 26. Ng4 Re6 27. e5 Nf5 28.
Qd3 fxe5 29. Qd8+ Qxd8 30. Rxd8+ Kg7 31. Nxe5 Bd7 32. Rxa8 Nxa8 33. Rd1 Rxe5
34. Rxd7+ Re7 35. Rxe7+ Nxe7 36. f4 Nb6 37. Kf2 Nf5 38. Bd3 Nd6 39. a4 Kf6 40.
Ke3 Ke6 41. g4 a5 42. bxa5 Nd5+ 43. Nxd5 Kxd5 44. h4 c5 45. a6 bxa6 46. Bxa6 c4
47. Bb5 Kc5 48. Bd7 Kb4 49. Kd2 Ne4+ 50. Kc2 Nf6 51. Be6 Kxa4 52. g5 Nh5 53. f5
gxf5 54. Bxf5 Kb4 55. Bxh7 Kc5 56. Bg8 Kd6 57. Bxc4 Ke5 58. Be2 Nf4 59. Kd2 Kf5
60. Bf3 Ng6 1/2-1/2

[Event "4NCL/Div3/SLOS3 vs. NWE2"]
[Site "Wokefield Park ENG"]
[Date "2007.05.06"]
[Round "10.7"]
[White "Willis, Rupert"]
[Black "Duckers, Harvey L"]
[Result "1/2-1/2"]
[WhiteElo "1870"]
[BlackElo "2115"]
[PlyCount "95"]
[EventDate "2007.05.06"]

1. c4 g6 2. Nc3 Bg7 3. g3 d6 4. Nf3 e5 5. d4 Nd7 6. Bg2 Ne7 7. e4 O-O 8. O-O h6
9. Be3 Kh7 10. h3 f5 11. Qd2 fxe4 12. Nxe4 Nf5 13. d5 Nf6 14. Nc3 Qe7 15. g4
Nxe3 16. fxe3 Bd7 17. Rad1 a6 18. a4 Be8 19. Qc2 Bf7 20. Nd2 Rg8 21. Nde4 Nxe4
22. Nxe4 Raf8 23. b4 Be8 24. c5 Bf6 25. Qb3 h5 26. cxd6 cxd6 27. Rc1 b5 28. a5
Bh4 29. Qd3 hxg4 30. hxg4 Kg7 31. Qe2 Rxf1+ 32. Qxf1 Rf8 33. Qe2 Bg5 34. Rc3
Kh6 35. Qe1 Rf7 36. Qe2 Qd8 37. Bf3 Rh7 38. Qg2 Kg7 39. Be2 Bf7 40. Bf3 Be7 41.
Rd3 Qa8 42. Qd2 Rh3 43. Bg2 Rh4 44. Qd1 Qc8 45. Bf3 Qc4 46. Qd2 Rh3 47. Kg2 Rh8
48. Kg1 1/2-1/2

[Event "4NCL/Div3/SLOS3 vs. NWE2"]
[Site "Wokefield Park ENG"]
[Date "2007.05.06"]
[Round "10.8"]
[White "Morrison, Lynne"]
[Black "Navias, Andrew"]
[Result "0-1"]
[WhiteElo "1966"]
[BlackElo "1865"]
[PlyCount "48"]
[EventDate "2007.05.06"]

1. d4 d6 2. Nf3 c6 3. e4 Nf6 4. Bd3 Qb6 5. c3 Bg4 6. Nbd2 Nbd7 7. O-O e5 8. Nc4
Qc7 9. h3 h5 10. Bg5 b5 11. Ncd2 Be7 12. Re1 Nb6 13. dxe5 dxe5 14. hxg4 hxg4
15. Nh2 O-O-O 16. Qe2 Nbd5 17. Nxg4 Rh5 18. Nxf6 Rxg5 19. Nxd5 cxd5 20. Bxb5
Rh8 21. exd5 e4 22. Nf1 Rgh5 23. Ng3 Rh1+ 24. Nxh1 Qh2+ 0-1